Music Quiz

Random Music or Lyrics Quiz

'Voyeur' Lyrics by blink-182 (Dude Ranch Version) Quiz Stats

 Plays Quiz not verified by Sporcle

Score 0/282 Timer 10:00
0 Plays Today
% Correct
I
97.8%
I
97.8%
I
97.8%
I
97.8%
I
97.8%
I
97.8%
I
97.8%
I
97.8%
I
97.8%
I
97.8%
I
97.8%
Na na na!
97.8%
Na na na!
97.8%
Na na na!
97.8%
Na na na-a-a!
97.8%
[CHORUS]
97.8%
I
97.8%
Na na na!
97.8%
Na na na!
97.8%
Na na na!
97.8%
Na na na-a-a!
97.8%
One!
97.8%
Two!
97.8%
Three!
97.8%
Four!
97.8%
the
91.3%
The
91.3%
the
91.3%
the
91.3%
the
91.3%
the
91.3%
the
91.3%
the
91.3%
The
91.3%
the
91.3%
the
91.3%
The
91.3%
a
89.1%
a
89.1%
a
89.1%
a
89.1%
to
84.8%
to
84.8%
to
84.8%
He
84.8%
to
84.8%
He
84.8%
And
82.6%
And
82.6%
and
82.6%
And
82.6%
and
82.6%
she
80.4%
her
80.4%
her
80.4%
she
80.4%
her
80.4%
She
80.4%
she
80.4%
her
80.4%
her
80.4%
her
80.4%
so
80.4%
Her
80.4%
her
80.4%
so
80.4%
she
80.4%
her
80.4%
so
80.4%
day
78.3%
I'm
76.1%
be
76.1%
be
76.1%
I'm
76.1%
is
76.1%
be
76.1%
be
76.1%
is
76.1%
is
76.1%
be
76.1%
I'm
76.1%
is
76.1%
be
76.1%
is
76.1%
is
76.1%
be
76.1%
is
76.1%
when
73.9%
ends,
71.7%
sure
69.6%
I've
69.6%
sure
69.6%
now.
69.6%
I've
69.6%
% Correct
seen
69.6%
I've
69.6%
now.
69.6%
now.
69.6%
I've
69.6%
seen
69.6%
I've
69.6%
I've
69.6%
seen
69.6%
I've
69.6%
sure
69.6%
sorrow.
67.4%
am,
67.4%
on
67.4%
my
67.4%
in
67.4%
my
67.4%
in
67.4%
my
67.4%
my
67.4%
my
67.4%
in
67.4%
My
67.4%
my
67.4%
my
67.4%
I'll
65.2%
more
65.2%
there
65.2%
way
65.2%
home.
65.2%
more
65.2%
there
65.2%
way
65.2%
home.
65.2%
I'll
65.2%
guy
63%
tomorrow.
63%
all
63%
wish,
63%
wish
63%
down.
63%
everything
63%
all
63%
down,
63%
wish,
63%
wish
63%
down.
63%
everything
63%
all
63%
tomorrow.
63%
lonely
60.9%
change.
60.9%
here
60.9%
days,
60.9%
here
60.9%
of
60.9%
are
60.9%
shown.
60.9%
too
60.9%
that
60.9%
of
60.9%
are
60.9%
shown.
60.9%
too
60.9%
of
60.9%
that
60.9%
never
60.9%
face.
60.9%
days,
60.9%
here
60.9%
too
60.9%
of
60.9%
that
60.9%
feels
58.7%
been
58.7%
two
58.7%
kind
58.7%
shades
58.7%
kind
58.7%
shades
58.7%
dad
58.7%
been
58.7%
two
58.7%
followed
56.5%
me
56.5%
followed
56.5%
big
56.5%
his
56.5%
pulled
54.3%
pulled
54.3%
this
54.3%
time
54.3%
this
54.3%
time
54.3%
% Correct
she'd
52.2%
out
52.2%
'cause
52.2%
tree
52.2%
pants
52.2%
got
52.2%
she'd
52.2%
out
52.2%
'cause
52.2%
like
50%
luck
50%
think
50%
luck
50%
watch
47.8%
dinner
47.8%
plate.
47.8%
can't
47.8%
with
47.8%
feet.
47.8%
brother
47.8%
ass
47.8%
window.
47.8%
brother
47.8%
ass
47.8%
if
45.7%
cool
45.7%
air
45.7%
cold
45.7%
splinters
45.7%
but
45.7%
don't
45.7%
cares
45.7%
by
45.7%
one
45.7%
week.
45.7%
by
45.7%
one
45.7%
week.
45.7%
I'd
43.5%
once
43.5%
last
43.5%
twice
43.5%
last
43.5%
twice
43.5%
many.
41.3%
Right
41.3%
showers
41.3%
much,
41.3%
looking
41.3%
many.
41.3%
Right
41.3%
showers
41.3%
much,
41.3%
bet
39.1%
time's
39.1%
wrong
39.1%
entertain.
39.1%
bet
39.1%
time's
39.1%
eat
37%
caught
37%
after
37%
kicks
37%
likes
37%
after
37%
kicks
37%
were
34.8%
white
34.8%
inbred.
34.8%
made
34.8%
mistakes
34.8%
white
34.8%
inbred.
34.8%
through
32.6%
supper,
32.6%
filthy
32.6%
through
32.6%
supper,
32.6%
filthy
32.6%
leaf.
30.4%
head.
30.4%
sweet,
30.4%
head.
30.4%
view
28.3%
blocked
28.3%
lady's
28.3%
burning
23.9%
burning
23.9%
before,
19.6%
rush
19.6%
waiting
19.6%
rush
19.6%
waiting
19.6%
Unlike
15.2%

You're not logged in!

Compare scores with friends on all Sporcle quizzes.
OR
Log In

You Might Also Like...

Show Comments

Extras

Top Quizzes Today


Score Distribution

Your Account Isn't Verified!

In order to create a playlist on Sporcle, you need to verify the email address you used during registration. Go to your Sporcle Settings to finish the process.

Report this User

Report this user for behavior that violates our Community Guidelines.

Details: